Takí sme boli - vojaci

Bibliographic Details
Format: Article
Language:Slovak
PhysicalDescription:Fotogr., sch.
ISSN:1336-2910
Subjects:

MARC

LEADER 00000nab a2200000 a 4500
001 vtls008420576
003 SK-MaSNL
005 20260304140117.0
008 250505c2005 xo mr|p|||||||000 b|slo
015 |a SNBRB2005/12  |2 snkbucl 
035 |a urn:nbn:sk:snk-ab7ul9 
035 |a (urnnbn)urn:nbn:sk:snk:ar-003zmy 
035 |a (uuid)46309c15-23e6-45e5-a878-18f18ca9f55f 
038 |a SNKBUCL 
040 |a SNKBUCL  |b slo  |c SNKBUCL  |e AACR2 
041 0 |a slo 
044 |a xo  |c SK 
080 |a 355.11:355.212  |x (437)  |2 1997 
080 |a 355.212  |x (437)  |2 1997 
245 0 0 |a Takí sme boli - vojaci 
300 |b Fotogr., sch. 
610 1 7 |a Československo.  |b Armáda  |2 snkbucl  |9 163619 
650 0 7 |a základná vojenská služba  |2 snkbucl  |9 27505 
650 0 7 |a spomienky  |2 snkbucl  |9 55795 
773 0 |t Obrana  |g Roč. 13, č. 8 (2005), s. 10-13  |x 1336-2910 
850 |a Slovenská národná knižnica 
852 |a Slovenská národná knižnica 
954 |a odborná, vedecká literatúra pôvodná (slovenská)  |2 lita 
958 |a article9 
958 |a OND 
958 |a EUIPO 
999 |c 2913685  |d 2915615